000 00258nam a2200109Ia 4500
008 220204s9999 xx 000 0 und d
082 _a82-3HAR
_bTAY
100 _aTaylor, Abra
245 0 _aEnd of innocence
260 _aLondon
_bHarlequin
_c1983
942 _cBK
999 _c37729
_d37729